حجية المخرجات الكمبيوترية في المواد الجنائية : (Record no. 24050)

MARC details
000 -الفاتح
حقل البيانات ثابتة الطول 00995nam a22002535a 4500
003 - محدد رقم الضبط
رقم الضبط OSt
005 - وقت وتاريخ اخر تعامل مع التسجيلة
رقم الضبط 20170207112225.0
008 - عناصر البيانات ثابتة الطول - معلومات عامة
حقل البيانات ثابتة الطول 160922s2008 ua frb 000 0 ara d
015 ## -
-- 97 / 7682
020 ## - الرقم الدولى المعيارى للكتب
الرقم الدولى المعيارى للكتاب 9770420247
040 ## - مصدر الفهرسة
وكالة الفهرسة الأصلية EG-ScBUE
لغة الفهرسة ara
وكالة النسخ EG-ScBUE
وكالة التعديل EG-ScBUE
082 04 - رقم تصنيف ديوى العشرى
رقم التصنيف 345.0268
رقم المادة ع ب د
رقم الطبعة 22
100 1# - المدخل الرئيسى - إسم شخصى
الإسم الشخصى عبد العال، هلالي عبد اللاه أحمد.
245 10 - بيان العنوان
العنوان حجية المخرجات الكمبيوترية في المواد الجنائية :
بقية العنوان دراسة مقارنة /
بيان المسئوليه,etc تأليف هلالي عبد اللاه أحمد.
250 ## - بيان الطبعة
بيان الطبعة ط. 2.
260 ## - PUBLICATION, DISTRIBUTION, ETC. (IMPRINT)
مكان الناشر او الموزع القاهرة :
اسم الناشر او الموزع دار النهضة العربية،
تاريخ النشر أو التوزيع 2008.
300 ## - الوصف المادى
التعداد 188 ص. ؛
أبعاد الوعاء 24 سم.
504 ## - تبصرة ببليوجرافية
تبصرة ببليوجرافية,الخ يشتمل على إرجاعات ببليوجرافية.
650 #7 - المدخل الاضافى بالموضوع-مصطلح موضوعى
مصطلح موضوعي أو اسم جغرافي كعنصر مدخل الحاسبات الإلكترونية
التقسيم الفرعي العام قوانين وتشريعات.
مصدر الرأس أو المصطلح BUEsh
650 #7 - المدخل الاضافى بالموضوع-مصطلح موضوعى
مصطلح موضوعي أو اسم جغرافي كعنصر مدخل القانون الجنائي.
مصدر الرأس أو المصطلح BUEsh
9 (RLIN) 21929
651 ## - المدخل الاضافى بالموضوع - اسم جغرافى
مصدر الرأس أو المصطلح BUEsh
653 ## - مصطلح تكشيفى غير مقيد
Resource For college Law
Arrived date list January2017
942 ## - عناصر المدخل الإضافي( كوها)
مصدر التصنيف او مخطط الترفيف Dewey Decimal Classification
Holdings
حالة التراجع حالة الفقد مصدر التصنيف او خطة الترفيف تحديد مواد ( مجلدات مجمعه أو جزء أخر) حالة تلف ليس للاعارة مجموعات كوها المكان الدائم المكان الحالي موقع الترفيف تاريخ الاكتساب Source of acquisition سعر الشراء الطبيعي تعداد مسلسل / التسلسل الزمني رقم الاستدعاء الباركود Date last seen التكلفة نوع الوعاء مُعار
  Lost Dewey Decimal Classification Lost_In_Inventory_12-2-2024     دار النهضة العربية Central Library Central Library First floor 31/01/2017 Purchase 60.00 2815 345.0268 ع ب د 000045356 24/08/2022 75.00 Book - Borrowing  
    Dewey Decimal Classification       دار النهضة العربية Central Library Central Library First floor 31/01/2017 Purchase 60.00 2815 345.0268 ع ب د 000045357 15/07/2025 75.00 Book - Borrowing 25/11/2021